| 000 | 00697nam a2200205Ia 4500 | ||
|---|---|---|---|
| 999 |
_c39652 _d39652 |
||
| 001 | 6253 | ||
| 003 | GE_BSU | ||
| 005 | 20190927151049.0 | ||
| 008 | 181216s1935||||geo|||||||||||||| ||geo|| | ||
| 040 | _cGE_BSU | ||
| 041 | _ageo | ||
| 080 | _a821.353.1-1 ბ-12 | ||
| 100 |
_aბაბილინა. _94365 |
||
| 245 |
_aლექსები / _cბაბილინა ; რედ. დყუბანეიშვილი. |
||
| 264 |
_aტფილისი : _bფედერაცია ; _c1935. |
||
| 300 |
_a120 გვ. ; _c18 სმ. |
||
| 653 | _aლექსები | ||
| 700 |
_aყუბანეიშვილი, დ. _eრედაქტორი _94366 |
||
| 942 |
_cBK _2udc |
||